000 00360nam a2200133Ia 4500
008 150202s9999 xx 000 0 und d
020 _a6169074
050 _aFIC
_bFIC
100 _aAmbler, Eric.
245 4 _aThe night-comers /
_cEric Ambler.
260 _aGreat Britain :
_bWilliam Heinemann,
_c1966.
300 _a176 pages :
_c18 cm.
650 _aFiction.
999 _c281816
_d281816